000 00458nam a22001937a 4500
003 MPLRDC
005 20220104170419.0
008 210129b ||||| |||| 00| 0 eng d
020 _a0-600-57422-9
082 _a948.5 SEL
100 _aPATRICIA SELIGMAN
245 _aOILS
_c
250 _a1ST ED.
260 _aENGLAND
_bHAMLYN
_c1991
300 _bPAPERBACK
490 _aSTEP BY STEP ART SCHOOL
650 _aOIL PAINTING
942 _cBK
_o948.5 SEL
999 _c57935
_d57925